US States that don't have International Flights - Statistics

General Stats
  • This quiz has been taken 916 times
  • The average score is 13 of 16
Answer Stats
State % Correct
North Dakota
85%
Montana
84%
South Dakota
84%
Maine
83%
Wyoming
82%
Alabama
81%
Idaho
81%
Vermont
81%
Kansas
79%
New Hampshire
79%
Arkansas
77%
Mississippi
76%
Delaware
74%
Iowa
74%
Oklahoma
70%
West Virginia
70%
No matching quizzes found
Score Distribution
Percent of People with Each Score
Percentile by Number Answered
Your Score History
You have not taken this quiz